00888nam a2200229Ia 4500008004100000020001500041040001800056041000800074100002700082245017100109260006200280300005200342490001600394650001700410651003200427651004000459651003700499700003100536700002900567700002700596710003500623130821s1994 ck ab gr spa  a958929832X aCo-BoUCMbspa00aspa1 aTovar Pinzón, Hermes10aConvocatoria al poder del número censos y estadísticas de la Nueva Granada (1750-1830)cHermes Tovar Pinzón, Jorge Andres Tovar Mora, Camilo Ernesto Tovar Mora aBogotá (Colombia)bArchivo General de la Naciónc1994 a587 páginasbilustraciones, gráficas, mapas 0aHistoriav104aSociología04aColombiay1750-1830vCensos04aColombiay1750-1830vEstadísticas04aColombiay1750-1830xPoblación1 aTovar Mora, Camilo Ernesto1 aTovar Mora, Jorge Andres1 aTovar Pinzón, Hermes2 aArchivo General de la Nación